Online Catalogue and eLibrary

Rapid needs assessment survey : (Record no. 3111)

MARC details
000 -LEADER
fixed length control field 00278nam a2200097Ia 4500
008 - FIXED-LENGTH DATA ELEMENTS--GENERAL INFORMATION
fixed length control field 240331s9999 xx 000 0 und d
082 ## - DDC Classification
Item Number - Author Mark RAP
100 ## - MAIN ENTRY--PERSONAL NAME
Personal name NIE, d
245 #0 - TITLE STATEMENT
Title Rapid needs assessment survey :
Remainder of title education of children in conflict affected areas of Sri Lanka
942 ## - Koha item type (Biblio)
Koha item type Books in Stacks (Lending)
Holdings
Lost status Damaged status Collection code Home library Current library Shelving location Date acquired Full call number Accession Number Item type
    Lending WERC Library WERC Library Social Science Cupboard 03/31/2024 370 RAP 4796 Books in Stacks (Lending)

© WERC Library